Bundesländer nach höchstem Gebäude - Statistiken

Allgemein
  • Dieses Quiz wurde 7.023 mal gespielt
  • Das Durchschnittsergebnis liegt bei 8 aus 16
Antwortstatistiken
Gebäude Höhe Bundesland % Korrekt
Commerzbank Tower 259m Hessen
94%
Hochhaus Uptown München 146m Bayern
93%
City-Hochhaus Leipzig 142,5m Sachsen
90%
Elbphilharmonie 110m Hamburg
88%
Post Tower 162,5m Nordrhein-Westfalen
67%
Maritim Travemünde 119m Schleswig-Holstein
65%
Oderturm 89m Brandenburg
53%
Atlantic Hotel Sail City 147m Bremen
52%
Edge East Side Tower 142m Berlin
50%
Jentower 144,5m Thüringen
44%
Ford-Hochhaus 65m Saarland
33%
Collini-Center 102m Baden-Württemberg
30%
Hochhaus der Stadtwerke 92m Niedersachsen
23%
Bonifazius-Türme 95m Rheinland-Pfalz
22%
Am Bruchsee 10 73m Sachsen-Anhalt
20%
August-Bebel-Straße 36 77m Mecklenburg-Vorpommern
18%
Keine übereinstimmenden Quizze gefunden
Verteilung der Resultate
Anzahl Personen mit jedem Resultat
Perzentil nach korrekt beantworteten Fragen
Ihre Resultats-Entwicklung
Sie haben dieses Quiz noch nicht gespielt